00369nam a2200121Ia 4500008004100000020001500041100002200056245006800078250001100146260005100157300001400208650002500222180309s9999 xx 000 0 und d a9716840403 aLial, Margaret L. cMiller, Charles D.aAcademe/Scott, Foresman beginning algebra / a2nd ed aSan Juan City :b1987cAcadem publishing house a370 pages aAlgebra -- Textbooks